000 00503nam a22001937a 4500
003 MPLRDC
005 20220104164327.0
008 210129b ||||| |||| 00| 0 eng d
020 _a0-7054-0976-7
082 _a710.8 TLB v.8 1991
100 _aEDITORS OF TIME-LIFE BOOKS
245 _aFURY OF THE NORTHMEN
_c
250 _a重印
260 _a
_bTIME-LIFE BOOKS
_c1991
300 _b
490 _aHISTROY OF THE WORLD AD 800-1000
650 _a世界历史
942 _cBK
_o710.8 TLB v.8 1991
999 _c56907
_d56897